000 00519nam a2200157 a 4500
005 20140412111240.0
008 010420s19uu xx 00 eng d
050 _aM 611
_bA44 19_? v.1
100 _aKawaguchi, Dr. Y.
245 _aAll about our bodies :
_bour teeth, 1 /
_cby Dr. Y. Kawaguchi ; illustrated by A. Kubota and Y. Sakaigi.
260 _aTokyo :
_bFroebel-kan co., ltd,
_c[n.d.
300 _a1v. (unp.) ; ill.
440 _aAll about our bodies
650 _aTeeth - Juvenile literature
999 _c102688
_d102688